MARC

LEADER 00000nam0a2200000 4500
001 17365
005 20231030190852.0
010 |a 5850503218 
035 |a (RuTPU)RU\TPU\book\17500 
035 |a BOOK00017569 
090 |a 17365 
100 |a 20011209d1992 km y0rusy50 ca 
101 1 |a rus  |c eng 
102 |a RU 
105 |a a z 000zd 
200 1 |a Королева Елизавета и граф Эссекс  |f Д. Л. Стрэчи 
210 |a Москва  |c Слово  |d 1992 
215 |a 252 с.  |c ил. 
600 0 |a Елизавета Тюдор  |d I  |c английская королева с 1558  |f 1533-1603  |2 stltpush  |3 (RuTPU)RU\TPU\pers\10056 
600 1 |a Эссекс  |b Р. Д.  |c граф  |c один из лидеров пресвитериан в Английской революции 17 в.  |f 1591-1646  |g Роберт Деверё  |2 stltpush  |3 (RuTPU)RU\TPU\pers\13102 
610 1 |a история 
610 1 |a Англия 
610 1 |a 16 век 
686 |a Т3(4Вл)  |v LBC/SL-A  |2 rubbk 
700 1 |a Стрэчи  |b Дж. Л.  |g Джайлс Литтон 
801 0 |a RU  |b 63413507  |c 20011209  |g PSBO 
801 2 |a RU  |b 63413507  |c 20080418  |g PSBO 
942 |c BK